| 000 | 00578nam a2200205 i 4500 | ||
|---|---|---|---|
| 001 | 21499 | ||
| 003 | ES-MaACL | ||
| 005 | 20250430203724.0 | ||
| 007 | t| | ||
| 008 | 021126s1964 sp ||||1| spa d | ||
| 100 | 1 |
_aAlberti, Rafael, _d1902-1999 _9240174 |
|
| 245 | 1 | 0 |
_aAbierto a todas horas _b: (1960-1963) / _cRafael Alberti. |
| 250 | _a1ยช ed. | ||
| 260 |
_a[Madrid] : _bAfrodisio Aguado, _c[1964] |
||
| 300 |
_a112 p. ; _c22 cm. |
||
| 490 | 1 | _aGuiomar | |
| 830 | 0 |
_aGuiomar _9228557 |
|
| 852 |
_aES-MaACL _jC-26779 _bR.55181 |
||
| 999 |
_c21499 _d21499 |
||